Herby miast w województwie wielkopolskim - Statystyki

Ogólne statystyki
  • Ten quiz został rozwiązany 14 razy
  • Średni wynik to 10 z 16
Statystyki odpowiedzi
Obrazkowy Odpowiedź % Poprawnych
Poznań
100%
Gniezno
91%
Leszno
91%
Konin
82%
Piła
82%
Koło
73%
Ostrów Wielkopolski
73%
Kalisz
64%
Jarocin
55%
Rawicz
55%
Gostyń
45%
Turek
45%
Września
45%
Wolsztyn
36%
Szamotuły
27%
Grodzisk Wielkopolski
18%
Nie znaleziono quizów pasujących do podanych kryteriów
Rozkład punktacji
Procent ludzi z każdym wynikiem
Percentyl według liczby udzielonych odpowiedzi
Twoja historia wyników
Nie rozwiązałeś tego quizu